El Caribe contemporáneo / Centro de Estudios Latinoamericanos. Universidad Nacional Autónoma de México
Guardado en:
| Autor Corporativo: | |
|---|---|
| Formato: | Libro |
| Lenguaje: | Spanish |
| Publicado: |
México D.F:
CELA
|
| Materias: | |
| Etiquetas: |
Agregar Etiqueta
Sin Etiquetas, Sea el primero en etiquetar este registro!
|
MARC
| LEADER | 00000nam a22000007a 4500 | ||
|---|---|---|---|
| 003 | cru CRAI/IIS | ||
| 005 | 20210513062542.0 | ||
| 008 | 210512b |||||||| |||| 00| 0 spa d | ||
| 040 | |c cru CRAI/IIS | ||
| 090 | |a REV0144 | ||
| 110 | 1 | |a Universidad Nacional Autónoma de México. |b Centro de Estudios Latinoamericanos |9 9970 | |
| 245 | |a El Caribe contemporáneo / |b Centro de Estudios Latinoamericanos. Universidad Nacional Autónoma de México | ||
| 260 | |a México D.F: |b CELA | ||
| 500 | |a EXISTENCIAS : 1980-1981 (1-5) 1983-1984 (7-8) | ||
| 500 | |a PERIODICIDAD PPS (s):Cuatrimestral | ||
| 650 | 0 | |9 2142 |a DESARROLLO ECONOMICO | |
| 650 | 0 | |9 2023 |a POLITICA AGRARIA | |
| 650 | 0 | |9 299 |a MIGRACION | |
| 650 | 4 | |9 1921 |a INTERVENCION EXTRANJERA | |
| 651 | 0 | |9 17 |a AMERICA LATINA | |
| 651 | 0 | |9 245 |a ESTADOS UNIDOS | |
| 942 | |2 ddc |c PP | ||
| 999 | |c 43669 |d 43669 | ||
